Inventors and Their Bright Ideas / (Record no. 5167)

MARC details
000 -LEADER
fixed length control field 01133nam a22002777a 4500
001 - CONTROL NUMBER
control field 5167
003 - CONTROL NUMBER IDENTIFIER
control field FISKH
005 - DATE AND TIME OF LATEST TRANSACTION
control field 20241108121326.0
008 - FIXED-LENGTH DATA ELEMENTS--GENERAL INFORMATION
fixed length control field 241108b cb ||||| |||| 00| 0 eng d
020 ## - INTERNATIONAL STANDARD BOOK NUMBER
International Standard Book Number 9781407111766
040 ## - CATALOGING SOURCE
Original cataloging agency FISKH
Language of cataloging eng
Transcribing agency FISKH
Modifying agency FISKH
082 ## - DEWEY DECIMAL CLASSIFICATION NUMBER
Classification number 609.22
100 ## - MAIN ENTRY--PERSONAL NAME
Personal name Goldsmith, Mike
245 ## - TITLE STATEMENT
Title Inventors and Their Bright Ideas /
Statement of responsibility, etc. by Dr Mike Goldsmith
260 ## - PUBLICATION, DISTRIBUTION, ETC.
Place of publication, distribution, etc. New York :
Name of publisher, distributor, etc. Scholastic ;
Date of publication, distribution, etc. 2002.
300 ## - PHYSICAL DESCRIPTION
Extent 207 pages :
Other physical details illustrations ;
Dimensions 21 cm .
490 ## - SERIES STATEMENT
Series statement Horribly Famous
505 ## - FORMATTED CONTENTS NOTE
Formatted contents note V <br/>
520 ## - SUMMARY, ETC.
Summary, etc. Even though they're dead, the great inventors in this book are still full of surprises! Everybody thinks that Thomas Edison invented the light bulb and that John Logie Baird's TV took the world by storm. But in this Horribly Famous title, readers will discover that Edison didn't invent the first light bulb (although he invented a thousand other things) and that Baird's TV was useless.
521 8# - TARGET AUDIENCE NOTE
Target audience note 870 <br/>
Source Lexile <br/>
521 8# - TARGET AUDIENCE NOTE
Target audience note V <br/>
Source Raz-Plus <br/>
650 ## - SUBJECT ADDED ENTRY--TOPICAL TERM
Topical term or geographic name entry element wishlist
Form subdivision non-fiction
700 ## - ADDED ENTRY--PERSONAL NAME
Personal name Goddard, Clive
Relator term illustrator
942 ## - ADDED ENTRY ELEMENTS (KOHA)
Source of classification or shelving scheme Dewey Decimal Classification
Koha item type Books
Suppress in OPAC No
Holdings
Withdrawn status Lost status Source of classification or shelving scheme Damaged status Not for loan Collection Home library Current library Shelving location Date acquired Total Checkouts Full call number Barcode Date last seen Copy number Price effective from Koha item type
    Dewey Decimal Classification     Non-Fiction Footprints International School Library Network Toul Kork Campus Footprints International School Library Network Toul Kork Campus TTP Secondary Non-Fiction Bookshelves 11/08/2024   GOL 609.22 FISSE00005 11/08/2024 1 11/08/2024 Books
    Dewey Decimal Classification     Non-Fiction Footprints International School Library Network Toul Kork Campus Footprints International School Library Network Toul Kork Campus TTP Secondary Non-Fiction Bookshelves 11/08/2024   GOL 609.22 2024-2312 11/08/2024 2 11/08/2024 Books